000 00596 a2200193 4500
020 _a0809476185 (hardcover)
020 _a9780809476183 (hardcover)
082 0 4 _a621.395
090 _c5647
_d5647
100 1 _aBooks, Time-Life.
245 1 0 _aChipmakers /
_cTime-Life Books.
250 _aRevised ed.
260 _a[S.l.] :
_bTime Life Medical,
_c1990.
300 _a128 p. ;
_c28 cm.
490 1 _aUnderstanding computers.
830 0 _aUnderstanding computers.
856 4 0 _3Amazon.com
_uhttp://www.amazon.com/exec/obidos/ASIN/0809476185/chopaconline-20
942 _aNBS
_cBK
_k621.395 TLB
999 _c348049
_d348049